00646 2200253 4500001002100000005001700021008004100038020001800079035002400097040001200121082001100133084001700144100001400161245003800175250001000213260004100223300002700264500002800291650001600319850001200335990001500347990001500362990001500377YOGYA-0209000001117020170316140742.0 ind  a979-421-348-9 0010-020900000011170 aYOPDYOG a343.04 a343.04 Boh P aBOHARI, H aPengantar hukum pajakc/ H.Bohari acet.1 aJakartabRaya Grafindo Persadac1993 aXI, 171 hlm.c; 21 cm. aBibliografi hlm 169-171 aHukum Pajak aYOPDYOG a56477-P/95 a56478-P/95 a56477-P/95